000 00257 a2200109 4500
020 _a9789367130445
100 _aPradyumn Tripathi
245 _aNTA UGC 2025 NET SET JRF Political Science paper 2
250 _a3rd
260 _bPearson
_c2025
942 _cOO
999 _c116222
_d116221